00271nam a2200121Ia 4500008004100000100002400041245002100065260002100086300000800107650001000115942000700125999001700132190216s9999||||xx |||||||||||||| ||und|| aGopi Krishna Kunwar 0aHindibirsa Munda bNjan Gangac2011 a135 aHindi cBK c16775d16775